000 00360nam a2200145Ia 4500
008 230711s9999||||xx |||||||||||||| ||und||
041 _aENG
082 _a624
_bSU-T
100 _aSushil Kumar
245 0 _aTreasure of R.C.C design
250 _a13th
260 _c1994
_aNew Delhi
_bStandard Publishing Distributors
650 _aCivil Engineering
942 _cBK
999 _c430
_d430